[Event "XVII Open Nicolo' La Rosa"]
[Site "Mazara del Vallo ITA"]
[Date "2009.08.07"]
[Round "1"]
[White "Cunati, Valerio"]
[Black "Berendino, Giacomo"]
[Result "1-0"]
[WhiteElo "1700"]
[BlackElo "1455"]
[PlyCount "41"]
[EventDate "2009.08.07"]

1. e4 e5 2. Nf3 Nf6 3. Nc3 Bc5 4. Bc4 O-O 5. d3 h6 6. O-O Nc6 7. a3 a6 8. Nd5
d6 9. c3 Nxd5 10. Bxd5 Ne7 11. Ba2 Ng6 12. Be3 Qf6 13. h3 Kh8 14. d4 Ba7 15.
Qd2 Bxh3 16. Bxh6 Bg4 17. Bg5 Qxf3 18. gxf3 Bxf3 19. Qd3 Bg4 20. Qg3 f5 21.
Qh2+ 1-0

[Event "XVII Open Nicolo' La Rosa"]
[Site "Mazara del Vallo ITA"]
[Date "2009.08.07"]
[Round "1"]
[White "D'Amico, Filippo"]
[Black "Lo Piccolo, Antonino"]
[Result "0-1"]
[WhiteElo "1416"]
[BlackElo "1719"]
[PlyCount "90"]
[EventDate "2009.08.07"]

1. c4 Nf6 2. d4 g6 3. Nc3 Bg7 4. g3 O-O 5. Bg2 d6 6. Nf3 c6 7. Bg5 Nbd7 8. O-O
h6 9. Bxf6 Nxf6 10. Qd2 Be6 11. b3 d5 12. cxd5 Nxd5 13. Nxd5 Bxd5 14. Rad1 Qb6
15. e3 Rfd8 16. Qe2 Be6 17. Rc1 a5 18. Qc2 Qb5 19. Qc5 Qxc5 20. Rxc5 Rd5 21.
Rxd5 Bxd5 22. Nd2 Be6 23. Be4 a4 24. Rb1 a3 25. Rc1 f5 26. Bf3 Kf7 27. Be2 Bd5
28. Bc4 e6 29. Bxd5 exd5 30. Nb1 Bf8 31. f4 Bb4 32. Rc2 Ke6 33. Kf2 Kd6 34. Nc3
Ra6 35. Ke2 b5 36. Nb1 Ra7 37. Nd2 Rc7 38. Nf3 c5 39. dxc5+ Bxc5 40. Nh4 Re7
41. Rc3 Re6 42. Ng2 g5 43. Kf3 d4 44. exd4 Bxd4 45. Rc2 g4# 0-1

[Event "XVII Open Nicolo' La Rosa"]
[Site "Mazara del Vallo ITA"]
[Date "2009.08.07"]
[Round "1"]
[White "Di Misa, Salvatore"]
[Black "Oddo, Salvatore"]
[Result "1-0"]
[WhiteElo "1851"]
[BlackElo "1496"]
[PlyCount "95"]
[EventDate "2009.08.07"]

1. e4 g6 2. h4 Bg7 3. h5 d6 4. hxg6 fxg6 5. d4 Nc6 6. Be3 Bd7 7. Qd2 Nf6 8. Nc3
Ng4 9. Nf3 Nxe3 10. fxe3 e5 11. O-O-O Bg4 12. d5 Ne7 13. Bb5+ c6 14. Ba4 O-O
15. dxc6 bxc6 16. Bb3+ d5 17. exd5 Kh8 18. Ng5 h5 19. dxc6 Qxd2+ 20. Rxd2 Bh6
21. Nce4 Nxc6 22. Rd6 Ne7 23. Nf7+ Kg7 24. Nxh6 Kxh6 25. Nf6 Be2 26. g4 Rxf6
27. Rxf6 Bxg4 28. e4 Ng8 29. Rf7 Kg5 30. Bd5 Rd8 31. Rxa7 Nf6 32. c4 Bf3 33.
Rg1+ Kh6 34. Ra5 Ng4 35. Rg3 Rf8 36. Ra3 Be2 37. Kd2 Rf2 38. Ke1 Rh2 39. Rh3
Bxc4 40. Rxh2 Nxh2 41. Bxc4 Ng4 42. Ra6 Kg5 43. Bf7 Nf6 44. Rxf6 Kxf6 45. Be8
h4 46. Kf2 g5 47. Bh5 Ke6 48. Bg4+ 1-0

[Event "XVII Open Nicolo' La Rosa"]
[Site "Mazara del Vallo ITA"]
[Date "2009.08.07"]
[Round "1"]
[White "Gigante, Giovanni"]
[Black "Colicchia, Michele"]
[Result "1-0"]
[WhiteElo "1692"]
[BlackElo "1427"]
[PlyCount "39"]
[EventDate "2009.08.07"]

1. e4 e5 2. Nf3 Nc6 3. Bb5 d6 4. Bxc6+ bxc6 5. O-O Nf6 6. d4 exd4 7. Qxd4 Be7
8. Nc3 O-O 9. b3 Bg4 10. Ne1 Bc8 11. Bb2 Nh5 12. e5 dxe5 13. Qxe5 Nf6 14. Rd1
Nd7 15. Qg3 Bf6 16. Nf3 Re8 17. Rfe1 Rxe1+ 18. Rxe1 Bxc3 19. Bxc3 Nf6 20. Bxf6
1-0

[Event "XVII Open Nicolo' La Rosa"]
[Site "Mazara del Vallo ITA"]
[Date "2009.08.07"]
[Round "1"]
[White "Mancuso, Fabrizio"]
[Black "D'Angelo, Giovanni"]
[Result "1/2-1/2"]
[WhiteElo "1314"]
[BlackElo "1647"]
[PlyCount "100"]
[EventDate "2009.08.07"]

1. e4 d6 2. d4 Nf6 3. Nc3 g6 4. Nf3 Bg7 5. Bg5 O-O 6. Bc4 c6 7. a3 b5 8. Ba2 a5
9. b4 Na6 10. O-O Bb7 11. Rb1 axb4 12. axb4 Nc7 13. Re1 Nd7 14. e5 d5 15. Qd2
f6 16. Bh6 fxe5 17. Bxg7 Kxg7 18. Nxe5 Nxe5 19. Rxe5 e6 20. Re3 Qe7 21. Rbe1
Bc8 22. Rh3 Ne8 23. Qh6+ Kg8 24. Bb1 Ra1 25. Na2 Nf6 26. Qd2 Qa7 27. c3 Rxb1
28. Rxb1 Ne4 29. Qh6 Rxf2 30. Rf1 Qf7 31. Rf3 Rxf1+ 32. Kxf1 Qg7 33. Qxg7+ Kxg7
34. Ke2 e5 35. h3 exd4 36. cxd4 g5 37. g4 h5 38. gxh5 g4 39. hxg4 Bxg4 40. Ke3
Bxf3 41. Kxf3 Kh6 42. Kf4 Nd2 43. Nc1 Kxh5 44. Ke5 Nf3+ 45. Kd6 Nxd4 46. Kc5
Nc2 47. Kxc6 Nxb4+ 48. Kxb5 Nc2 49. Ne2 Kg5 50. Kc5 Ne3 1/2-1/2

[Event "XVII Open Nicolo' La Rosa"]
[Site "Mazara del Vallo ITA"]
[Date "2009.08.07"]
[Round "1"]
[White "Mangione, Claudio"]
[Black "Di Misa, Serafino"]
[Result "1-0"]
[WhiteElo "2074"]
[BlackElo "1617"]
[PlyCount "55"]
[EventDate "2009.08.07"]

1. Nf3 Nf6 2. c4 e6 3. g3 d5 4. Bg2 Bd6 5. O-O O-O 6. d4 c5 7. cxd5 exd5 8. Nc3
Be6 9. Nb5 Be7 10. Bf4 Na6 11. dxc5 Bxc5 12. Nbd4 Qb6 13. Nb3 Be7 14. Be3 Qb4
15. Nfd4 Qd6 16. a3 Bd7 17. Qd3 Ba4 18. Nf5 Qd7 19. Rac1 Bxa3 20. bxa3 Bxb3 21.
Qxb3 Qxf5 22. Qxb7 Qe6 23. Rc6 d4 24. Rxe6 Nc5 25. Qxa8 Rxa8 26. Bxa8 Nxe6 27.
Bd2 Nc7 28. Rc1 1-0

[Event "XVII Open Nicolo' La Rosa"]
[Site "Mazara del Vallo ITA"]
[Date "2009.08.07"]
[Round "1"]
[White "Marino, Davide"]
[Black "Bifulco, Michel"]
[Result "0-1"]
[WhiteElo "1550"]
[BlackElo "2015"]
[PlyCount "62"]
[EventDate "2009.08.07"]

1. d4 d5 2. c4 e6 3. Nf3 c6 4. Nc3 dxc4 5. e4 b5 6. Be2 Bb7 7. Bf4 Nf6 8. e5
Nd5 9. Bg3 Bb4 10. Qc2 Qa5 11. Rc1 Qxa2 12. O-O Bxc3 13. bxc3 Qxc2 14. Rxc2 O-O
15. Rb1 Bc8 16. Nd2 Nd7 17. Ne4 N7b6 18. Nc5 a5 19. Bf3 Ra7 20. Bxd5 Nxd5 21.
f3 Bd7 22. Be1 Rfa8 23. Ra2 Be8 24. Bd2 b4 25. cxb4 c3 26. Be1 axb4 27. Rxa7
Rxa7 28. Nd3 c2 29. Rb2 Nf4 30. Nc1 Ra1 31. Rxc2 Rxc1 0-1

[Event "XVII Open Nicolo' La Rosa"]
[Site "Mazara del Vallo ITA"]
[Date "2009.08.07"]
[Round "1"]
[White "Messina, Damiano"]
[Black "Piazza, Dario"]
[Result "1-0"]
[WhiteElo "1991"]
[BlackElo "1533"]
[PlyCount "73"]
[EventDate "2009.08.07"]

1. e4 e5 2. Nf3 Nc6 3. Bb5 Bc5 4. O-O a6 5. Bxc6 dxc6 6. Nxe5 Nf6 7. c3 O-O 8.
d4 Bd6 9. Nd3 Nxe4 10. f3 Qh4 11. f4 Bg4 12. Qc2 Rfe8 13. Ne5 Nf6 14. Qb3 Bxe5
15. fxe5 Nd5 16. Bd2 b5 17. Be1 Qg5 18. Bd2 Qh4 19. Na3 Be6 20. Qc2 a5 21. Qd3
Nb6 22. Rf4 Qe7 23. Qg3 Nd7 24. Nc2 c5 25. Ne3 cxd4 26. cxd4 c6 27. Rc1 Ra6 28.
Rcf1 g6 29. a3 Bb3 30. Nf5 Qe6 31. Nh6+ Kh8 32. Nxf7+ Kg7 33. Ng5 Qg8 34. Qh4
h6 35. Ne4 Bd5 36. Rf8 Rxf8 37. Qxh6# 1-0

[Event "XVII Open Nicolo' La Rosa"]
[Site "Mazara del Vallo ITA"]
[Date "2009.08.07"]
[Round "1"]
[White "Monaco, Alessandro"]
[Black "Campo, Renato"]
[Result "0-1"]
[WhiteElo "1605"]
[BlackElo "2018"]
[PlyCount "121"]
[EventDate "2009.08.07"]

1. e4 g6 2. Nc3 Bg7 3. Bc4 c5 4. d3 Nc6 5. Nge2 Na5 6. O-O Nxc4 7. dxc4 d6 8.
Bd2 Nf6 9. Rb1 O-O 10. Qc1 Re8 11. Ng3 Ng4 12. h3 Ne5 13. b3 Nc6 14. Nce2 Bd7
15. c3 e5 16. f4 exf4 17. Bxf4 Ne5 18. Qd2 Bc6 19. Rbd1 Qa5 20. Nc1 Rad8 21.
Qf2 f6 22. Nd3 Nf7 23. b4 Qa3 24. Bc1 Qxc3 25. Bb2 Qxc4 26. Bxf6 Bxf6 27. Qxf6
Qd4+ 28. Kh2 Qxf6 29. Rxf6 Bxe4 30. Nxe4 Rxe4 31. Rdf1 Re7 32. bxc5 dxc5 33.
Nxc5 Rd2 34. R1f2 Rxf2 35. Rxf2 b6 36. Nb3 Ne5 37. Rd2 Kf7 38. Kg3 Rc7 39. Rf2+
Ke6 40. Re2 Rc3+ 41. Kf4 Rc4+ 42. Re4 g5+ 43. Ke3 Rc3+ 44. Kd2 Rg3 45. Re2 Kd5
46. Ke1 a5 47. Kf2 Rc3 48. Re3 Rc2+ 49. Re2 Nd3+ 50. Ke3 Rxe2+ 51. Kxe2 Nb4 52.
Nc1 Kd4 53. a3 Nc2 54. a4 Kc4 55. Kd2 Nd4 56. Na2 Kb3 57. Nc3 Ne6 58. Nd5 Kxa4
59. Nxb6+ Kb3 60. Kc1 Nf4 61. Nd7 {...} 0-1

[Event "XVII Open Nicolo' La Rosa"]
[Site "Mazara del Vallo ITA"]
[Date "2009.08.07"]
[Round "1"]
[White "Montalbano, Federico"]
[Black "Bocci, Alessandro"]
[Result "1/2-1/2"]
[WhiteElo "1509"]
[BlackElo "1919"]
[PlyCount "47"]
[EventDate "2009.08.07"]

1. e4 c5 2. Nf3 Nc6 3. d4 cxd4 4. Nxd4 Qc7 5. Nc3 e6 6. Be3 Nf6 7. Bc4 a6 8.
Bb3 Bb4 9. f3 O-O 10. O-O b5 11. a4 bxa4 12. Bxa4 Bb7 13. Bxc6 Bxc6 14. Qd3 Bb7
15. Bf2 Bxc3 16. bxc3 Rfc8 17. Rfb1 d5 18. Bg3 e5 19. Bxe5 Qxe5 20. Rxb7 dxe4
21. fxe4 Qxe4 22. Qxe4 Nxe4 23. Rb6 Nxc3 24. Rbxa6 1/2-1/2

[Event "XVII Open Nicolo' La Rosa"]
[Site "Mazara del Vallo ITA"]
[Date "2009.08.07"]
[Round "1"]
[White "Morello, Guido"]
[Black "Meo, Antonino"]
[Result "1-0"]
[WhiteElo "1952"]
[BlackElo "1515"]
[PlyCount "27"]
[EventDate "2009.08.07"]

1. e4 e5 2. d4 exd4 3. c3 dxc3 4. Bc4 cxb2 5. Bxb2 d6 6. Nf3 Bg4 7. Bxf7+ Kxf7
8. Ne5+ Ke8 9. Nxg4 Nf6 10. Nxf6+ gxf6 11. Qh5+ Ke7 12. Bxf6+ Kxf6 13. Qh4+ Kg6
14. Qxd8 1-0

[Event "XVII Open Nicolo' La Rosa"]
[Site "Mazara del Vallo ITA"]
[Date "2009.08.07"]
[Round "1"]
[White "Provino, Salvatore"]
[Black "Cerami, Giuseppe"]
[Result "1-0"]
[WhiteElo "1413"]
[BlackElo "1688"]
[PlyCount "113"]
[EventDate "2009.08.07"]

1. Nf3 Nf6 2. g3 g6 3. Bg2 Bg7 4. O-O O-O 5. d3 c6 6. Bd2 d6 7. Re1 Nbd7 8. Qc1
Qb6 9. Nc3 Ng4 10. Rf1 Nge5 11. Nxe5 Bxe5 12. h3 Nf6 13. Be3 Qc7 14. d4 d5 15.
dxe5 Qxe5 16. Bf4 Qe6 17. Qe3 Qd7 18. Rad1 Nh5 19. Bh6 Re8 20. Qd4 e5 21. Qd2
Qe7 22. g4 Ng7 23. f4 f6 24. fxe5 fxe5 25. Rf3 Be6 26. Bg5 Qd7 27. Bf6 Rac8 28.
Bxe5 Bxg4 29. hxg4 Rxe5 30. Rf2 Qxg4 31. Qf4 Qe6 32. Rdf1 Rf5 33. Qd2 Rff8 34.
Nxd5 Rxf2 35. Rxf2 Rf8 36. Rxf8+ Kxf8 37. Qf4+ Nf5 38. e4 cxd5 39. exf5 Qb6+
40. Kh2 Kg7 41. Qe5+ Qf6 42. Qc7+ Kh6 43. fxg6 Qh4+ 44. Kg1 Qe1+ 45. Bf1 Kxg6
46. Qd6+ Kg7 47. Qc7+ Kf6 48. Qd8+ Kg7 49. Qxd5 Qe3+ 50. Kg2 Qe7 51. Qd4+ Kh6
52. Qf4+ Kg7 53. Bd3 Qd7 54. Qg5+ Kf8 55. Qh6+ Kg8 56. Bc4+ Kh8 57. Qf8# 1-0

[Event "XVII Open Nicolo' La Rosa"]
[Site "Mazara del Vallo ITA"]
[Date "2009.08.07"]
[Round "1"]
[White "Savalla, Pietro"]
[Black "Melograni, Francesco"]
[Result "0-1"]
[WhiteElo "1488"]
[BlackElo "1824"]
[PlyCount "74"]
[EventDate "2009.08.07"]

1. e4 e5 2. Nf3 Nc6 3. Bc4 Bc5 4. d4 Bxd4 5. Nxd4 exd4 6. O-O Qf6 7. Nd2 Nge7
8. Nf3 Ne5 9. Nxe5 Qxe5 10. Re1 Ng6 11. Qf3 O-O 12. Bd2 d6 13. c3 Be6 14. Bd3
dxc3 15. Bxc3 Qf4 16. Qxf4 Nxf4 17. Bc2 Bc4 18. Re3 Bb5 19. Rae1 Rfe8 20. Rg3
Ne2+ 21. Rxe2 Bxe2 22. Bxg7 Re6 23. e5 Bh5 24. Bf5 Bg6 25. Bxe6 Kxg7 26. Bb3
dxe5 27. Kf1 Rd8 28. Ke2 f5 29. Rd3 Rxd3 30. Kxd3 Bf7 31. Bxf7 Kxf7 32. f3 h5
33. g3 Ke6 34. h3 c5 35. g4 b5 36. b3 Kf6 37. a3 Kg5 0-1

[Event "XVII Open Nicolo' La Rosa"]
[Site "Mazara del Vallo ITA"]
[Date "2009.08.07"]
[Round "1"]
[White "Savalla, Salvatore"]
[Black "Spadaro, Carmelo Alessandro"]
[Result "1-0"]
[WhiteElo "1724"]
[BlackElo "1479"]
[PlyCount "153"]
[EventDate "2009.08.07"]

1. e4 c5 2. Nf3 Nc6 3. d4 cxd4 4. Nxd4 e5 5. Nf3 Nf6 6. Bc4 Bc5 7. Bg5 h6 8.
Bh4 d6 9. Nc3 Bg4 10. h3 Bh5 11. g4 Bg6 12. Qe2 Nd4 13. Bb5+ Kf8 14. Nxd4 Bxd4
15. Bd3 Rc8 16. Nd1 Qa5+ 17. Qd2 Qxd2+ 18. Kxd2 Nxe4+ 19. Bxe4 Bxe4 20. Nc3
Bxh1 21. Rxh1 Bxc3+ 22. bxc3 g5 23. Bg3 Ke7 24. f3 Rc6 25. Kd3 Rhc8 26. Be1 Ra6
27. h4 Rxa2 28. hxg5 hxg5 29. Bd2 Rg8 30. Rh5 Ra1 31. Bxg5+ Ke6 32. Bd2 a5 33.
Rh6+ Rg6 34. Rh8 e4+ 35. Kxe4 d5+ 36. Kd3 a4 37. c4 dxc4+ 38. Kxc4 Rf1 39. Re8+
Kd7 40. Re3 Rf6 41. Rd3+ Kc6 42. f4 Rf2 43. f5 Rg2 44. Rd4 Rd6 45. Rxd6+ Kxd6
46. Bb4+ Kc6 47. f6 Rxg4+ 48. Kc3 Kb5 49. Be7 Rg3+ 50. Kb2 Kc4 51. Bd6 b5 52.
Bxg3 b4 53. Be1 Kb5 54. c3 b3 55. Bd2 Kc4 56. Be1 Kd3 57. Bg3 a3+ 58. Kxb3 a2
59. Kxa2 Kxc3 60. Be5+ Kc4 61. Ka3 Kd3 62. Kb4 Ke4 63. Ba1 Kd5 64. Kb5 Ke4 65.
Kb4 Kf5 66. Kb5 Ke6 67. Kc6 Kf5 68. Kd7 Kg6 69. Ke7 Kh7 70. Kxf7 Kh8 71. Ke8
Kg8 72. f7+ Kh7 73. f8=Q Kg6 74. Qf3 Kg5 75. Kf7 Kh6 76. Qf4+ Kh5 77. Qg3 1-0

[Event "XVII Open Nicolo' La Rosa"]
[Site "Mazara del Vallo ITA"]
[Date "2009.08.07"]
[Round "2"]
[White "Berendino, Giacomo"]
[Black "Monaco, Alessandro"]
[Result "0-1"]
[WhiteElo "1455"]
[BlackElo "1605"]
[PlyCount "62"]
[EventDate "2009.08.07"]

1. d4 Nf6 2. e3 g6 3. Bd3 Bg7 4. Ne2 d6 5. Nbc3 O-O 6. f3 Nc6 7. a3 e5 8. d5
Ne7 9. g4 Nexd5 10. Nxd5 Nxd5 11. c4 Ne7 12. Bd2 f5 13. Qc2 fxg4 14. fxg4 Bxg4
15. O-O-O e4 16. Bxe4 Bxe2 17. Rdg1 Bf3 18. h4 Bxh1 19. Bxh1 Rf2 20. h5 Qf8 21.
Qd1 Qf5 22. hxg6 Nxg6 23. Bd5+ Kh8 24. Bg2 Ne5 25. e4 Qf6 26. Be3 Nd3+ 27. Qxd3
Qxb2+ 28. Kd1 Qa1+ 29. Bc1 Bh6 30. Ke1 Raf8 31. Qd1 Bxc1 0-1

[Event "XVII Open Nicolo' La Rosa"]
[Site "Mazara del Vallo ITA"]
[Date "2009.08.07"]
[Round "2"]
[White "Bifulco, Michel"]
[Black "Cunati, Valerio"]
[Result "1-0"]
[WhiteElo "2015"]
[BlackElo "1700"]
[PlyCount "49"]
[EventDate "2009.08.07"]

1. d4 Nf6 2. c4 c6 3. Nc3 g6 4. e4 d6 5. Be2 Nbd7 6. Bg5 Bg7 7. Qd2 Qb6 8. f3
O-O 9. Nh3 Re8 10. Nf2 c5 11. d5 Ne5 12. g4 a6 13. h4 Qb4 14. Nd3 Nxd3+ 15.
Bxd3 Nd7 16. h5 Ne5 17. Be2 Nxc4 18. Bxc4 Qxc4 19. hxg6 fxg6 20. O-O-O b5 21.
Qh2 b4 22. Qxh7+ Kf7 23. Rh6 bxc3 24. Qxg6+ Kf8 25. Rh8+ 1-0

[Event "XVII Open Nicolo' La Rosa"]
[Site "Mazara del Vallo ITA"]
[Date "2009.08.07"]
[Round "2"]
[White "Bocci, Alessandro"]
[Black "Mancuso, Fabrizio"]
[Result "1-0"]
[WhiteElo "1919"]
[BlackElo "1314"]
[PlyCount "57"]
[EventDate "2009.08.07"]

1. d4 Nf6 2. c4 e6 3. Nf3 d5 4. Nc3 Bb4 5. cxd5 exd5 6. Bg5 O-O 7. Qc2 Bg4 8.
Ne5 Bh5 9. e3 Bg6 10. Bd3 Bxd3 11. Qxd3 Qd6 12. O-O Bxc3 13. bxc3 Nc6 14. Bxf6
Qxf6 15. Nd7 Qe6 16. Nxf8 Rxf8 17. Qb5 b6 18. Rab1 Na5 19. Qa6 Nc4 20. Rfe1 Qc6
21. Qb5 Qd6 22. Rbd1 f5 23. f3 Rf6 24. e4 Qc6 25. Qxc6 Rxc6 26. exd5 Rd6 27.
Re7 Rxd5 28. Rxc7 Ra5 29. Rxc4 1-0

[Event "XVII Open Nicolo' La Rosa"]
[Site "Mazara del Vallo ITA"]
[Date "2009.08.07"]
[Round "2"]
[White "Campo, Renato"]
[Black "Savalla, Salvatore"]
[Result "0-1"]
[WhiteElo "2018"]
[BlackElo "1724"]
[PlyCount "76"]
[EventDate "2009.08.07"]

1. e4 e5 2. Nf3 Nf6 3. Nc3 Nc6 4. g3 d6 5. Bg2 Be7 6. O-O O-O 7. h3 h6 8. d3
Be6 9. Nh4 Qd7 10. Kh2 Nd4 11. Ne2 c5 12. f4 Nxe2 13. Qxe2 Qc8 14. fxe5 dxe5
15. Nf5 Bxf5 16. Rxf5 Qe6 17. Bd2 Nh7 18. h4 Rad8 19. Bc3 Bd6 20. Bh3 Qe7 21.
Raf1 f6 22. Qg4 Kh8 23. R5f2 b6 24. Qf3 Rf7 25. Bf5 Nf8 26. Qh5 Rb8 27. g4 Qe8
28. g5 Rc7 29. Qf3 Be7 30. gxh6 g6 31. Bh3 Nh7 32. Rg2 Nf8 33. Rfg1 Kh7 34. h5
g5 35. Qf5+ Kxh6 36. Bxe5 fxe5 37. Rxg5 Rc6 38. Qxe5 Bd6 0-1

[Event "XVII Open Nicolo' La Rosa"]
[Site "Mazara del Vallo ITA"]
[Date "2009.08.07"]
[Round "2"]
[White "Cleal, John"]
[Black "Messina, Damiano"]
[Result "1/2-1/2"]
[WhiteElo "1958"]
[BlackElo "1991"]
[PlyCount "71"]
[EventDate "2009.08.07"]

1. e4 c5 2. Nc3 e6 3. f4 Nc6 4. Nf3 a6 5. d3 d6 6. g3 Nf6 7. Bg2 Qc7 8. O-O Be7
9. Re1 O-O 10. e5 Nd7 11. exd6 Bxd6 12. Ne4 Be7 13. Bd2 Nf6 14. Bc3 Nd5 15. Bd2
Bd7 16. c4 Nf6 17. Bc3 Nxe4 18. dxe4 Rad8 19. Qe2 Bc8 20. Rad1 b6 21. Rxd8 Rxd8
22. Rd1 Nd4 23. Qf1 Bb7 24. Nd2 Qc6 25. Re1 Nc2 26. Re2 Qd7 27. e5 Bxg2 28.
Kxg2 Qd3 29. Qf3 b5 30. Ba5 Rd7 31. Qxd3 Rxd3 32. cxb5 axb5 33. Ne4 Ne3+ 34.
Kg1 Nc4 35. Bc7 Rd7 36. Bb8 1/2-1/2

[Event "XVII Open Nicolo' La Rosa"]
[Site "Mazara del Vallo ITA"]
[Date "2009.08.07"]
[Round "2"]
[White "Colicchia, Michele"]
[Black "Marino, Davide"]
[Result "0-1"]
[WhiteElo "1427"]
[BlackElo "1550"]
[PlyCount "76"]
[EventDate "2009.08.07"]

1. e4 e5 2. Nf3 Nc6 3. Bc4 Bc5 4. d3 Nf6 5. Bg5 d6 6. h3 h6 7. Bh4 O-O 8. Nc3
Re8 9. Nd5 g5 10. Nxf6+ Qxf6 11. Bg3 Bd7 12. Qd2 a6 13. c3 Rad8 14. b4 Ba7 15.
Bd5 Rf8 16. O-O Bxh3 17. Bxc6 bxc6 18. Rfd1 Bg4 19. Qe2 d5 20. exd5 cxd5 21.
Bxe5 Qe6 22. Re1 Rde8 23. Kf1 Qf5 24. Qd1 Bxf3 25. Qxf3 Rxe5 26. Rxe5 Qxe5 27.
d4 Qe4 28. Qxe4 dxe4 29. Re1 f5 30. d5 Rd8 31. c4 Kf7 32. Ke2 Rb8 33. a3 Kf6
34. g3 Ke5 35. Rd1 Rd8 36. f3 exf3+ 37. Kxf3 Bb6 38. c5 Ba7 0-1

[Event "XVII Open Nicolo' La Rosa"]
[Site "Mazara del Vallo ITA"]
[Date "2009.08.07"]
[Round "2"]
[White "D'Angelo, Giovanni"]
[Black "Montalbano, Federico"]
[Result "0-1"]
[WhiteElo "1647"]
[BlackElo "1509"]
[PlyCount "102"]
[EventDate "2009.08.07"]

1. e4 e6 2. d4 d5 3. e5 c5 4. c3 Nc6 5. Nf3 Qb6 6. a3 c4 7. Nbd2 Na5 8. Be2 Bd7
9. a4 O-O-O 10. O-O f6 11. Qc2 Ne7 12. Bd1 Ng6 13. b3 cxb3 14. Nxb3 Qxb3 15.
Qxb3 Nxb3 16. Bxb3 fxe5 17. dxe5 Bc5 18. Re1 Rhf8 19. Be3 b6 20. c4 Bxe3 21.
Rxe3 Ne7 22. Rc3 Kb7 23. Rd1 Rc8 24. Rcd3 Bc6 25. cxd5 Bxd5 26. Bxd5+ exd5 27.
g3 h6 28. Nd4 g5 29. Nb5 Rc5 30. Rc3 Rxc3 31. Nxc3 Rf5 32. Re1 a6 33. Kg2 g4
34. Nd1 Kc6 35. Re3 h5 36. Nb2 d4 37. Re2 Kd5 38. Nd3 Kc4 39. Nf4 Kb4 40. Re4
Kxa4 41. Rxd4+ Kb5 42. e6 Re5 43. Rd7 Nc6 44. h3 a5 45. hxg4 hxg4 46. f3 gxf3+
47. Kxf3 a4 48. Nd5 Kc5 49. e7 a3 50. Rd8 Rxe7 51. Nxe7 Nxd8 0-1

[Event "XVII Open Nicolo' La Rosa"]
[Site "Mazara del Vallo ITA"]
[Date "2009.08.07"]
[Round "2"]
[White "Di Misa, Serafino"]
[Black "Savalla, Pietro"]
[Result "0-1"]
[WhiteElo "1617"]
[BlackElo "1488"]
[PlyCount "74"]
[EventDate "2009.08.07"]

1. e4 e5 2. Nf3 Nf6 3. Nc3 Nc6 4. Bc4 Bb4 5. O-O O-O 6. Re1 h6 7. a3 Bxc3 8.
dxc3 d6 9. h3 a6 10. b4 b5 11. Bb3 Qe7 12. Nd2 Be6 13. Qf3 a5 14. Qd3 Rab8 15.
Bxe6 Qxe6 16. Qg3 Ra8 17. Rb1 Nd7 18. Qd3 Rfb8 19. Re3 axb4 20. axb4 Ne7 21.
Nb3 Qc4 22. Qd2 Nb6 23. Rg3 Ng6 24. h4 Qxe4 25. h5 Nf4 26. Kh2 Nxh5 27. Rf3 Nf4
28. Qd1 Ng6 29. Nd2 Qc6 30. Rg3 Nc4 31. Nf3 Qe4 32. Kh1 Ra2 33. Ne1 Rba8 34.
Rg4 Qf5 35. Rxg6 Qxg6 36. Qd5 Rb8 37. Nd3 Qh5+ 0-1

[Event "XVII Open Nicolo' La Rosa"]
[Site "Mazara del Vallo ITA"]
[Date "2009.08.07"]
[Round "2"]
[White "Fiorella, Loreto"]
[Black "D'Amico, Filippo"]
[Result "1-0"]
[WhiteElo "1583"]
[BlackElo "1416"]
[PlyCount "73"]
[EventDate "2009.08.07"]

1. f4 d5 2. Nf3 Nf6 3. e3 g6 4. b4 e6 5. a3 Bg7 6. Bb2 O-O 7. Nc3 Ne4 8. Ne5
Qh4+ 9. Ke2 Bxe5 10. fxe5 Ng3+ 11. hxg3 Qxh1 12. Kd3 c6 13. Qf3 Qh6 14. g4 Nd7
15. Ne2 Qg5 16. Qg3 b6 17. Nf4 Nxe5+ 18. Kc3 Qxg4 19. Qf2 g5 20. Be2 Qf5 21.
Qg3 Kh8 22. Nh5 Nd7 23. Rf1 Qg6 24. Rh1 Kg8 25. Bd3 f5 26. Kb3 c5 27. Ka2 c4
28. Be2 Ba6 29. e4 f4 30. Qc3 Kf7 31. Nxf4 Qf6 32. Rxh7+ Ke8 33. Bh5+ Kd8 34.
Qh3 Qxf4 35. Qxe6 Qc7 36. Bg4 Bc8 37. Qe7# 1-0

[Event "XVII Open Nicolo' La Rosa"]
[Site "Mazara del Vallo ITA"]
[Date "2009.08.07"]
[Round "2"]
[White "Lo Bosco, Salvatore"]
[Black "Bertino, Giacomo"]
[Result "0-1"]
[WhiteElo "1696"]
[BlackElo "2017"]
[PlyCount "60"]
[EventDate "2009.08.07"]

1. e4 c5 2. Nf3 e6 3. d4 cxd4 4. Nxd4 Nf6 5. Nc3 Qb6 6. Bc4 Nc6 7. Nxc6 Qxc6 8.
Qe2 a6 9. Nd5 Nxd5 10. exd5 Qc7 11. Bg5 Bd6 12. Bb3 O-O 13. dxe6 dxe6 14. h4
Bb4+ 15. Kf1 b6 16. Qg4 Be7 17. c3 e5 18. Qg3 Kh8 19. Bc2 f5 20. Re1 f4 21. Qf3
Bb7 22. Qh5 e4 23. Kg1 g6 24. Qe2 Bxg5 25. hxg5 e3 26. fxe3 f3 27. gxf3 Rxf3
28. Qh2 Rg3+ 29. Kf1 Rf8+ 30. Ke2 Rg2+ 0-1

[Event "XVII Open Nicolo' La Rosa"]
[Site "Mazara del Vallo ITA"]
[Date "2009.08.07"]
[Round "2"]
[White "Lo Piccolo, Antonino"]
[Black "Mangione, Claudio"]
[Result "0-1"]
[WhiteElo "1719"]
[BlackElo "2074"]
[PlyCount "82"]
[EventDate "2009.08.07"]

1. e4 g6 2. d4 Bg7 3. c4 Nc6 4. Nf3 e5 5. Bg5 f6 6. Be3 exd4 7. Nxd4 Nge7 8.
Nc3 d6 9. Nxc6 Nxc6 10. Be2 O-O 11. O-O f5 12. exf5 Bxf5 13. Bd3 Qd7 14. Bxf5
Rxf5 15. Qd2 a6 16. Rad1 Qf7 17. Nd5 Ne5 18. b3 c6 19. Nc3 Rd8 20. Bc5 Nxc4 21.
bxc4 Bxc3 22. Qxc3 Rxc5 23. Rd4 d5 24. Rfd1 Rf8 25. f4 b5 26. Qa5 Rxc4 27. Rxc4
bxc4 28. g3 Qf6 29. Qxa6 Re8 30. Qb6 c3 31. Qc5 Rd8 32. Re1 d4 33. Qc4+ Qf7 34.
Qxc6 Qd7 35. Qc4+ Qd5 36. Qa4 Rd7 37. Qa6 Kg7 38. Qc8 Qf7 39. Qc5 Qf6 40. Kf2
d3 41. Qc4 d2 0-1

[Event "XVII Open Nicolo' La Rosa"]
[Site "Mazara del Vallo ITA"]
[Date "2009.08.07"]
[Round "2"]
[White "Melograni, Francesco"]
[Black "Naumkin, Igor"]
[Result "0-1"]
[WhiteElo "1824"]
[BlackElo "2481"]
[PlyCount "38"]
[EventDate "2009.08.07"]

1. e4 e6 2. d4 d5 3. Nc3 Nf6 4. Bg5 dxe4 5. Nxe4 Be7 6. Nxf6+ Bxf6 7. Bxf6 Qxf6
8. Nf3 O-O 9. Bd3 c5 10. c3 cxd4 11. Nxd4 e5 12. Nb5 Na6 13. Qc2 e4 14. Be2 Qg6
15. g3 Nc5 16. b4 Nd3+ 17. Bxd3 exd3 18. Qd2 Re8+ 19. Kd1 Qh5+ 0-1

[Event "XVII Open Nicolo' La Rosa"]
[Site "Mazara del Vallo ITA"]
[Date "2009.08.07"]
[Round "2"]
[White "Meo, Antonino"]
[Black "Cerami, Giuseppe"]
[Result "1-0"]
[WhiteElo "1515"]
[BlackElo "1688"]
[PlyCount "59"]
[EventDate "2009.08.07"]

1. e4 e6 2. d4 d5 3. Nc3 Nf6 4. e5 Nfd7 5. f4 c5 6. Nf3 Nc6 7. Be3 Qb6 8. Na4
Qa5+ 9. c3 b5 10. Nxc5 Nxc5 11. dxc5 b4 12. Rc1 Bxc5 13. Bxc5 Qxc5 14. Nd4 Bd7
15. Bb5 Nxd4 16. Bxd7+ Kxd7 17. cxd4 Qb6 18. O-O Rac8 19. Rxc8 Rxc8 20. f5 Rc4
21. fxe6+ Qxe6 22. Qa4+ Kd8 23. Qxa7 Qh6 24. Qa8+ Rc8 25. Qxd5+ Ke8 26. Qxf7+
Kd8 27. Qf8+ Kc7 28. Rf7+ Kb8 29. Qxb4+ Ka8 30. Qb7# 1-0

[Event "XVII Open Nicolo' La Rosa"]
[Site "Mazara del Vallo ITA"]
[Date "2009.08.07"]
[Round "2"]
[White "Oddo, Salvatore"]
[Black "Castelli, Giovanni J."]
[Result "1-0"]
[WhiteElo "1496"]
[BlackElo "1623"]
[PlyCount "83"]
[EventDate "2009.08.07"]

1. Nf3 Nf6 2. g3 g6 3. Bg2 Bg7 4. O-O O-O 5. d3 d6 6. Nbd2 e5 7. e4 Nc6 8. c3
Bd7 9. a4 Qc8 10. Re1 Bh3 11. Bh1 Ng4 12. Qc2 h6 13. Nf1 Kh7 14. Ne3 Nxe3 15.
Rxe3 Qg4 16. Nh4 Qe6 17. b4 a6 18. Bb2 b5 19. a5 Rad8 20. Nf3 f5 21. exf5 gxf5
22. Nh4 d5 23. d4 e4 24. Rae1 Kh8 25. f4 Rg8 26. Kf2 Bf6 27. Nf3 Qe7 28. Ne5
Bxe5 29. dxe5 d4 30. cxd4 Nxd4 31. Qc3 Ne6 32. Qc6 Bg4 33. Bc3 Ra8 34. Bxe4
fxe4 35. Rxe4 Rgd8 36. f5 Bxf5 37. Rh4 Kh7 38. Qf3 Bg6 39. Qe3 Qg7 40. Bd2 Rd3
41. Rxh6+ Qxh6 42. Qxh6+ 1-0